Uplatňovanie marketingových nástrojov vo vybranej spoločnosti s dôrazom na marketingovú komunikáciu diplomová práca

Salvato in:
Dettagli Bibliografici
Autore principale: Bogár, Miroslav
Ente Autore: Obchodná fakulta EU. Katedra marketingu
Altri autori: Daňo, Ferdinand, 1959-
Natura: Libro
Lingua:slovacco
Pubblicazione: Bratislava 2011
Tags: Aggiungi Tag
Nessun Tag, puoi essere il primo ad aggiungerne!!

MARC

LEADER 00000nbm a2200000 4500
001 0131954
005 20161109101745.2
041 0 |a slo 
044 |a SK 
245 1 0 |a Uplatňovanie marketingových nástrojov vo vybranej spoločnosti s dôrazom na marketingovú komunikáciu  |b diplomová práca  |c Miroslav Bogár ; školiteľ: Ferdinand Daňo 
264 1 |a Bratislava  |c 2011 
300 |a 69 s. 
100 1 |a Bogár, Miroslav 
700 1 |a Daňo, Ferdinand, 1959- 
710 2 |a Obchodná fakulta EU. Katedra marketingu